El frac a veces aprieta (Record no. 21231)

MARC details
000 -LEADER
campo de control de longitud fija 00492nam a2200145 i 4500
001 - NÚMERO DE CONTROL
campo de control 21231
003 - IDENTIFICADOR DE NÚMERO DE CONTROL
campo de control ES-MaACL
007 - CAMPO FIJO DE DESCRIPCIÓN FÍSICA--INFORMACIÓN GENERAL
campo de control de longitud fija t|
008 - DATOS DE LONGITUD FIJA--INFORMACIÓN GENERAL
campo de control de longitud fija 021122s1955 sp ||||1| spa d
100 1# - ENTRADA PRINCIPAL--NOMBRE DE PERSONA
Nombre de persona Agramonte Cortijo, Francisco.
9 (RLIN) 18587
245 13 - MENCIÓN DEL TÍTULO
Título El frac a veces aprieta
Resto del título : anécdotas y lances de la vida diplomática /
Mención de responsabilidad, etc. Francisco Agramonte Cortijo ; con prólogo del autor.
260 ## - PUBLICACIÓN, DISTRIBUCIÓN, ETC.
Lugar de publicación, distribución, etc. Madrid :
Nombre del editor, distribuidor, etc. Aguilar,
Fecha de publicación, distribución, etc. 1955 (
Fabricante Benzal)
300 ## - DESCRIPCIÓN FÍSICA
Extensión 509 p. ;
Dimensiones 20 cm.
852 ## - LOCALIZACIÓN
Ubicación ES-MaACL
Número de control de estantería C-9266
Sublocalización o colección R.37214
Holdings
Estatus retirado Estado de pérdida Estado de daño No para préstamo Biblioteca de origen Biblioteca actual Ubicación en estantería Fecha de adquisición Fuente de adquisición Total de préstamos Signatura topográfica completa Código de barras Visto por última vez Precio de reemplazo Tipo de ítem Koha
        Biblioteca del Ateneo de Madrid Biblioteca del Ateneo de Madrid Sala Palomar 17/01/2008     C-9266 1021809 23/02/2023 23/02/2023 Libro impreso